| 000 | 01266nam a2200253 i 4500 | ||
|---|---|---|---|
| 003 | DO-SdBNP | ||
| 005 | 20250507095549.0 | ||
| 007 | ta | ||
| 008 | 250507s200u dr 001 0 spa d | ||
| 040 |
_aDO-SdBNP _bspa _cBNPHU _erda |
||
| 082 | 4 |
_axxx _bR426 _222 |
|
| 110 | 1 |
_aRepública Dominicana. _9447 |
|
| 240 | 1 | 0 | _a[Leyes, etc.] |
| 245 | 1 | 0 |
_aResolución No. 1735-2005, que establece el reglamento sobre los Tribunales Colegiados de 1ra. instancia de la jurisdicción Penal : _bresolución No. 1732-2005 y resolución 1731-2005 / |
| 260 |
_aSanto Domingo : _bEditora Espigas, _c[2005]. |
||
| 300 |
_a61 páginas ; _c21 cm. |
||
| 336 |
_atexto _btxt _2rdacontent |
||
| 337 |
_asin mediación _bn _2rdamedia |
||
| 338 |
_avolumen _bnc _2rdacarrier |
||
| 505 |
_gResolución No. 1735-2005 -- _tReglamento sobre los Tribunales Colegiados de 1ra. Instancia de la jurisdicción Penal -- _gResolución No. 1732-2005 -- _tReglamento para la tramitación de notificaciones, citaciones y comunicaciones judiciales de la jurisdicción penal -- _gResolución No. 1731-2005 -- _tReglamento sobre medidas de coerción y celebración de audiencias durante la etapa preparatoria al amparo del CPP -- |
||
| 590 | _aInventariado,2025/ YL | ||
| 910 | _aYLockward | ||
| 942 |
_2ddc _cLBS1 |
||
| 999 |
_c58948 _d58948 |
||